Largest MLB Contracts (2025) - Statistics

General Stats
  • This quiz has been taken 100 times
  • The average score is 16 of 20
Answer Stats
Rank Player Team Contract % Correct
1 Juan Soto NYM $765,000,000
98%
2 Vladimir Guerrero Jr. TOR $500,000,000
98%
3 Mike Trout LAA $426,500,000
96%
5 Aaron Judge NYY $360,000,000
95%
9 Bryce Harper PHI $330,000,000
93%
16 Shohei Ohtani LAD $282,169,440
91%
6 Manny Machado SDP $350,000,000
90%
4 Mookie Betts LAD $365,000,000
90%
8 Fernando Tatis Jr. SDP $340,000,000
87%
7 Francisco Lindor NYM $341,000,000
83%
10 Corey Seager TEX $325,000,000
80%
13 Gerrit Cole NYY $324,000,000
74%
11 Giancarlo Stanton MIA $325,000,000
74%
14 Rafael Devers BOS $313,500,000
74%
15 Trea Turner PHI $300,000,000
68%
12 Yoshinobu Yamamoto LAD $325,000,000
67%
17 Xander Bogaerts SDP $280,000,000
61%
20 Anthony Rendon LAA $245,000,000
60%
18 Nolan Arenado COL $275,000,000
52%
19 Alex Rodriguez TEX $252,000,000
30%
No matching quizzes found
Score Distribution
Percent of People with Each Score
Percentile by Number Answered
Your Score History
You have not taken this quiz